000 00902nas a2200301 4500
001 BR2013003380
003 BR-BrBNA
005 20231205122243.0
007 ta
008 230509b bl.|||p| |||| 00| 00por d
040 _aBR-BrBNA
_bpor
_cBiblioteca Nacional de Agricultura
041 _a(Pt)
072 _aL70; L51
100 1 _aGuimarães, C.V.
100 1 _aGuedes, R.M.C.
245 1 _aAditivos alimentares para manutenção da integridade intestinal de aves e suínos
650 _aAVICULTURA
650 _aSUÍNOCULTURA
650 _aCRESCIMENTO
650 _aRAÇÃO
650 _aADITIVO
650 _aCONVERSÃO ALIMENTAR
650 _aSAÚDE
650 _aVETERINÁRIA
773 0 _tCadernos Técnicos de Veterinária e Zootecnia (Brazil)
_xISSN 1676-6024
_g(Sep 2007), no. 54 p. 50-62
_wBR2013003380
909 _a202311
_bLúcia
_c55
_dLúcia Elande
942 _2AGRIS
_n0
_cANA
999 _c227710
_d227710